| 000 | 00739nam a22001577a 4500 | ||
|---|---|---|---|
| 003 | OSt | ||
| 005 | 20151216163857.0 | ||
| 008 | 151216b xxu||||| |||| 00| 0 eng d | ||
| 040 | _cRUA | ||
| 082 | _aAED KHO 2007 B224 Or.1 | ||
| 100 |
_94967 _aKHOEUN, BUTHEA. |
||
| 245 | _aThe children participation in development program (of plan organization banteay srey district siem peap province, សកម្មភាពចូលរួមរបស់កុមារក្នុងកម្មវិធីអភិវឌ្ឍន៍របស់អង្គការ Plan នៅស្រុកបន្ទាយស្រី ខេត្តសៀមរាប | ||
| 260 |
_aPhnom Penh _bRUA _c2007 |
||
| 300 |
_aix, 41p. _bill. _c29cm. |
||
| 942 |
_2ddc _cAED |
||
| 999 |
_c4616 _d4616 |
||